[Event "Penang op 10th"]
[Site "Penang"]
[Date "2018.12.06"]
[Round "6"]
[White "Chembeti, Shreesh Amit"]
[Black "Yeoh, Seong Jui Michael"]
[Result "0-1"]
[WhiteElo "1676"]
[BlackElo "1486"]
[PlyCount "86"]
[EventDate "2018.12.03"]
[EventType "swiss"]
[EventRounds "9"]
[EventCountry "MAS"]
[SourceTitle "CBM 187 Extra"]
[Source "ChessBase"]
[SourceDate "2018.11.04"]
[SourceVersion "1"]
[SourceVersionDate "2018.11.04"]
[SourceQuality "1"]

1. d4 d5 2. c4 e6 3. Nf3 Nf6 4. Nc3 Nbd7 5. e3 Be7 6. Bd3 0-0 7. 0-0 b6 8. cxd5 exd5 9. Ne5 Bb7 10. f4 Ne4 11. Qf3 Ndf6 12. g4 Nd6 13. Qg2 Nfe4 14. Bd2 f6 15. Nf3 Nc4 16. Bxc4 dxc4 17. Qe2 Nxc3 18. Bxc3 b5 19. Rac1 Be4 20. Ne1 Kh8 21. Bd2 c6 22. b3 Ba3 23. bxc4 Bxc1 24. Bxc1 bxc4 25. Qxc4 Qd5 26. Qxd5 cxd5 27. Ba3 Rfe8 28. Nf3 Bd3 29. Re1 Bc4 30. Nd2 Bb5 31. Bc5 a6 32. Kf2 Rab8 33. a3 Bd3 34. Bb4 Rec8 35. Nb3 Rc2+ 36. Kg3 Be4 37. Nc5 a5 38. Bxa5 Rbb2 39. Nxe4 dxe4 40. h3 g5 41. Rg1 Re2 42. fxg5 fxg5 43. Re1 Rg2# 0-1